000 00831nam a22002777a 4500
003 OSt
005 20260703092412.0
008 260703b ar ||||| |||| 00| | spa d
040 _aHCSPBA
041 _aspa
100 _aGranada, Luis de
245 _aObras del V. P. M. Fray Luis de Granada.
_nTomo 2.
260 _aMadrid.
_bM. Rivadeneyra.
_c1855.
300 _a3 v.
490 _aBiblioteca de autores españoles, desde la formación del lenguaje hasta nuestros días
_v 8
505 _aIndice
505 _aDe la oración y consideración
505 _aMemorial de la vida cristiana
505 _aAdiciones al memorial de la vida cristiana
505 _aMeditaciones muy devotas
650 _aLITERATURA
650 _aHISTORIA
651 _aESPAÑA
700 _aMora, José Joaquín
_e10
942 _cLIB
999 _c65174
_d134643